000 00335 a2200145 4500
001 75676
040 _cAnchieta - Colégio São Paulo
100 _aGuimarães, Humberto
240 1 0 _aMoto de brinquedo
_l
245 1 0 _aMoto de brinquedo
300 _a11 p.
362 0 _a1985
650 4 _aLiteratura infanto-juvenil
942 _cBK
999 _c75676
_d75676